Loading...
| History - Other | 4 | 1 | 0 | 1 | 70 | 35 | 59.40 | 1 | 2 | 48.78 | 50.00 |
| History - World | 0 | 6 | 0 | 2 | 60 | 74 | 109.67 | 1 | 4 | 10.30 | 20.95 |
| History - European | 3 | 0 | 2 | 0 | 35 | 53 | 64.00 | 0 | 3 | 17.08 | 17.14 |
| History - American | 1 | 1 | 0 | 0 | 25 | 48 | 65.00 | 0 | 2 | 13.37 | 10.71 |
| Current Events | 1 | 0 | 0 | 0 | 15 | 40 | 40.00 | 0 | 1 | 9.92 | 12.24 |
| History - Ancient | 1 | 0 | 0 | 0 | 15 | 64 | 64.00 | 0 | 0 | 56.46 | 42.86 |
| Religion | 1 | 0 | 0 | 0 | 15 | 44 | 44.00 | 1 | 1 | 8.68 | 10.71 |
| Mythology | 1 | 0 | 1 | 0 | 10 | 27 | 27.00 | 0 | 1 | 11.64 | 10.20 |
| Philosophy | 0 | 1 | 0 | 1 | 10 | 145 | 145.00 | 0 | 0 | 0.07 | 1.43 |
| Fine Arts - Painting and Sculpture | 0 | 1 | 1 | 0 | 5 | 110 | 110.00 | 0 | 0 | 3.08 | 5.71 |
| Geography | 0 | 1 | 1 | 0 | 5 | 104 | 104.00 | 0 | 1 | 3.95 | 5.36 |
| Social Science | 0 | 0 | 2 | 0 | -10 | 0.00 | 0 | 0 | 0.00 | 0.00 |